<?xml version="1.0" encoding="UTF-8"?>
<collection xmlns:xsi="http://www.w3.org/2001/XMLSchema-instance" xsi:schemaLocation="http://www.loc.gov/MARC21/slim http://www.loc.gov/standards/marcxml/schema/MARC21slim.xsd" xmlns="http://www.loc.gov/MARC21/slim">
 <record>
  <leader>00000nam a2200000 a 4500</leader>
  <controlfield tag="001">UP-8027390931311620242</controlfield>
  <controlfield tag="003">Buklod</controlfield>
  <controlfield tag="005">20250311100815.0</controlfield>
  <controlfield tag="006">m    |o  d |      </controlfield>
  <controlfield tag="007">ta</controlfield>
  <controlfield tag="008">250311s1996    cauab   rb   |001 0|eng d</controlfield>
  <datafield tag="020" ind1=" " ind2=" ">
   <subfield code="a">0945971095</subfield>
  </datafield>
  <datafield tag="035" ind1=" " ind2=" ">
   <subfield code="a">12228146</subfield>
  </datafield>
  <datafield tag="037" ind1=" " ind2=" ">
   <subfield code="a">BC-75557</subfield>
   <subfield code="b">Gift- David B. Baradas</subfield>
  </datafield>
  <datafield tag="040" ind1=" " ind2=" ">
   <subfield code="a">DLC</subfield>
   <subfield code="d">BAG</subfield>
   <subfield code="e">rda</subfield>
  </datafield>
  <datafield tag="041" ind1="0" ind2=" ">
   <subfield code="a">eng</subfield>
  </datafield>
  <datafield tag="090" ind1=" " ind2="0">
   <subfield code="a">DS 646.312</subfield>
   <subfield code="b">M85 1990</subfield>
  </datafield>
  <datafield tag="100" ind1="1" ind2=" ">
   <subfield code="a">Müller, Kal</subfield>
   <subfield code="d">1939-</subfield>
   <subfield code="e">author</subfield>
   <subfield code="e">photographer.</subfield>
  </datafield>
  <datafield tag="245" ind1="1" ind2="0">
   <subfield code="a">Kalimantan</subfield>
   <subfield code="b">Indonesian Borneo</subfield>
   <subfield code="c">text and photographs by Kal Muller ; edited by David Pickell.</subfield>
  </datafield>
  <datafield tag="246" ind1="3" ind2="0">
   <subfield code="a">Indonesian Borneo.</subfield>
  </datafield>
  <datafield tag="264" ind1=" " ind2="1">
   <subfield code="a">Berkeley, California</subfield>
   <subfield code="b">Periplus Editions, Inc.</subfield>
   <subfield code="c">[1996]</subfield>
  </datafield>
  <datafield tag="300" ind1=" " ind2=" ">
   <subfield code="a">228 pages</subfield>
   <subfield code="b">illustrations (chiefly color), maps (some color) </subfield>
   <subfield code="c">23 cm</subfield>
  </datafield>
  <datafield tag="336" ind1=" " ind2=" ">
   <subfield code="a">text</subfield>
   <subfield code="2">rdacontent</subfield>
  </datafield>
  <datafield tag="337" ind1=" " ind2=" ">
   <subfield code="a">unmediated</subfield>
   <subfield code="2">rdamedia</subfield>
  </datafield>
  <datafield tag="338" ind1=" " ind2=" ">
   <subfield code="a">volume</subfield>
   <subfield code="2">rdacarrier</subfield>
  </datafield>
  <datafield tag="500" ind1=" " ind2=" ">
   <subfield code="a">Includes bibliographical references (page 223) and index.</subfield>
  </datafield>
  <datafield tag="500" ind1=" " ind2=" ">
   <subfield code="a">Maps on lining paper.</subfield>
  </datafield>
  <datafield tag="505" ind1="0" ind2=" ">
   <subfield code="a">Mighty rivers and vast rainforests -- Profusion of vegetation, odd animals -- Fossil skull, migration and iron age -- Exotic goods bring traders from outside -- Sultanates and colonial Holland -- Epic treks open Borneo's interior -- World War II and Indonesian Independence -- The inland peoples of Kalimantan -- Traditional communal dwellings -- Powerful and florid art styles -- Tattoos, earrings and penis pins -- Into the heart of Kalimantan -- Kalimantan's bustling east coast cities -- Rarely visited region near Tanjung Redeb -- Tarakan and up the Bahau River -- The art and longhouses of the Kenyah -- The people of East Kalimantan -- Busy river meanders past Dayak villages -- Dancing, dragons and water fights -- Long Iram upriver and Long Bagun -- Past the rapids and to the interior -- A trip up 'cut-off-head' river -- Picturesque city on the Barito River -- Hill Dayaks, gem fields and monkeys -- The story of a monster diamond -- Traditional religion and Dayak identity -- Up the rivers into Central Kalimantan -- Reintroducing orangutans to the forest -- Thriving city of ghostly origins -- Halfway up the huge Kapuas River -- Remote outpost on the Kapuas.</subfield>
  </datafield>
  <datafield tag="651" ind1=" " ind2="0">
   <subfield code="a">Kalimantan (Indonesia)</subfield>
   <subfield code="v">Guidebooks.</subfield>
  </datafield>
  <datafield tag="651" ind1=" " ind2="0">
   <subfield code="a">Kalimantan (Indonesia)</subfield>
   <subfield code="x">Description and travel.</subfield>
  </datafield>
  <datafield tag="700" ind1="1" ind2=" ">
   <subfield code="a">Pickell, David</subfield>
   <subfield code="e">editor.</subfield>
  </datafield>
  <datafield tag="905" ind1=" " ind2=" ">
   <subfield code="a">FO</subfield>
  </datafield>
  <datafield tag="852" ind1="0" ind2=" ">
   <subfield code="a">UPBAG</subfield>
   <subfield code="b">UPBAG-MAIN</subfield>
   <subfield code="h">DS 646.312</subfield>
   <subfield code="i">M85 1990</subfield>
  </datafield>
  <datafield tag="942" ind1=" " ind2=" ">
   <subfield code="a">Book</subfield>
  </datafield>
 </record>
</collection>
